| 000 | 00470nam a2200157Ia 4500 | ||
|---|---|---|---|
| 008 | 160316s2007 xxu||||| |||| 00| 0 eng d | ||
| 082 |
_a345.001000 _bGAR |
||
| 100 | _aGardner John | ||
| 245 | _aOffences and defences : Selected essays in the philosophy of criminal law | ||
| 250 | _a | ||
| 260 |
_aOxford _bOxford University Press _c2007 |
||
| 300 |
_a288p _b _c |
||
| 365 | _b Rs. 1,695 | ||
| 650 | _a1. Criminal Law - Philosophy 2. Criminal Liability | ||
| 700 |
_a _a |
||
| 999 |
_c25617 _d25617 |
||